Sports Quiz

Random Sports or MLB Quiz

MLB - Opening Day LF of the 2000s Quiz Stats

 Plays Quiz not verified by Sporcle

Challenge
Share
Tweet
Embed
Score 0/300 Timer 20:00
1 Play Today
Team Player % Correct
BOSManny Ramirez
94%
BOSManny Ramirez
94%
BOSManny Ramirez
94%
BOSManny Ramirez
94%
BOSManny Ramirez
94%
BOSManny Ramirez
94%
BOSManny Ramirez
94%
LADManny Ramirez
94%
ARILuis Gonzalez
92.8%
ARILuis Gonzalez
92.8%
ARILuis Gonzalez
92.8%
ARILuis Gonzalez
92.8%
ARILuis Gonzalez
92.8%
ARILuis Gonzalez
92.8%
ARILuis Gonzalez
92.8%
LADLuis Gonzalez
92.8%
ATLChipper Jones
92.8%
ATLChipper Jones
92.8%
ATLChipper Jones
92.8%
DETJacque Jones
92.7%
MINJacque Jones
92.7%
MINJacque Jones
92.7%
MINJacque Jones
92.7%
MINJacque Jones
92.7%
SFGBarry Bonds
87.1%
SFGBarry Bonds
87.1%
SFGBarry Bonds
87.1%
SFGBarry Bonds
87.1%
SFGBarry Bonds
87.1%
SFGBarry Bonds
87.1%
SFGBarry Bonds
87.1%
ATLGarret Anderson
81.7%
LAAGarret Anderson
81.7%
LAAGarret Anderson
81.7%
LAAGarret Anderson
81.7%
LAAGarret Anderson
81.7%
LAAGarret Anderson
81.7%
LAAGarret Anderson
81.7%
DETJosh Anderson
81.7%
COLMatt Holliday
79.1%
COLMatt Holliday
79.1%
COLMatt Holliday
79.1%
COLMatt Holliday
79.1%
OAKMatt Holliday
79.1%
BOSJason Bay
77.1%
PITJason Bay
77.1%
PITJason Bay
77.1%
PITJason Bay
77.1%
PITJason Bay
77.1%
CHWCarlos Lee
76%
CHWCarlos Lee
76%
CHWCarlos Lee
76%
CHWCarlos Lee
76%
CHWCarlos Lee
76%
HOUCarlos Lee
76%
HOUCarlos Lee
76%
HOUCarlos Lee
76%
MILCarlos Lee
76%
MILCarlos Lee
76%
PHIPat Burrell
75.7%
PHIPat Burrell
75.7%
PHIPat Burrell
75.7%
PHIPat Burrell
75.7%
PHIPat Burrell
75.7%
PHIPat Burrell
75.7%
PHIPat Burrell
75.7%
PHIPat Burrell
75.7%
TBDCarl Crawford
75.6%
TBDCarl Crawford
75.6%
TBDCarl Crawford
75.6%
TBDCarl Crawford
75.6%
TBDCarl Crawford
75.6%
TBDCarl Crawford
75.6%
TBDCarl Crawford
75.6%
HOULance Berkman
75%
HOULance Berkman
75%
HOULance Berkman
75%
CHCAlfonso Soriano
73.8%
CHCAlfonso Soriano
73.8%
WSNAlfonso Soriano
73.8%
CINAdam Dunn
72.1%
CINAdam Dunn
72.1%
CINAdam Dunn
72.1%
CINAdam Dunn
72.1%
CINAdam Dunn
72.1%
CINAdam Dunn
72.1%
CINAdam Dunn
72.1%
WSNAdam Dunn
72.1%
CHCMoises Alou
71.5%
CHCMoises Alou
71.5%
NYMMoises Alou
71.5%
NYYHideki Matsui
70.5%
NYYHideki Matsui
70.5%
NYYHideki Matsui
70.5%
NYYHideki Matsui
70.5%
NYYHideki Matsui
70.5%
LADGary Sheffield
69.6%
LADGary Sheffield
69.6%
KCRJohnny Damon
68.8%
NYYJohnny Damon
68.8%
Team Player % Correct
NYYJohnny Damon
68.8%
OAKJohnny Damon
68.8%
MILRyan Braun
68%
MILRyan Braun
68%
FLAMiguel Cabrera
67.8%
KCRRaul Ibanez
66.6%
PHIRaul Ibanez
66.6%
SEARaul Ibanez
66.6%
SEARaul Ibanez
66.6%
SEARaul Ibanez
66.6%
SEARaul Ibanez
66.6%
CINDmitri Young
66.5%
DETDmitri Young
66.5%
MINDelmon Young
66.5%
SDPEric Young
66.5%
TORReed Johnson
63.8%
TORReed Johnson
63.8%
PITBrian Giles
60.6%
PITBrian Giles
60.6%
STLAlbert Pujols
60.4%
STLAlbert Pujols
60.4%
STLAlbert Pujols
60.4%
LADJose Cruz
58%
SDPJose Cruz
58%
TORJose Cruz
58%
MILJohn Vander Wal
57.9%
HOUPreston Wilson
56.1%
ARIConor Jackson
55.8%
COLSeth Smith
52.3%
MILGeoff Jenkins
51.3%
MILGeoff Jenkins
51.3%
MILGeoff Jenkins
51.3%
MILGeoff Jenkins
51.3%
MILGeoff Jenkins
51.3%
CLEDavid Justice
49.2%
MINShannon Stewart
48.9%
MINShannon Stewart
48.9%
MINShannon Stewart
48.9%
OAKShannon Stewart
48.9%
SDPAl Martin
48.9%
SEAAl Martin
48.9%
TORShannon Stewart
48.9%
TORShannon Stewart
48.9%
TORShannon Stewart
48.9%
TORShannon Stewart
48.9%
BALJeff Conine
47.5%
FLAJeff Conine
47.5%
CHWScott Podsednik
46.8%
CHWScott Podsednik
46.8%
FLACliff Floyd
45.7%
FLACliff Floyd
45.7%
FLACliff Floyd
45.7%
NYMCliff Floyd
45.7%
NYMCliff Floyd
45.7%
NYMCliff Floyd
45.7%
NYMCliff Floyd
45.7%
CHCRondell White
45.4%
DETRondell White
45.4%
DETRondell White
45.4%
MINRondell White
45.4%
NYYRondell White
45.4%
SDPRondell White
45.4%
SDPRyan Klesko
45.4%
SDPRyan Klesko
45.4%
WSNRondell White
45.4%
ATLReggie Sanders
45%
STLReggie Sanders
45%
LAADarin Erstad
44.2%
CHCHenry Rodriguez
43.2%
LADAndre Ethier
42.2%
LAAJose Guillen
41.6%
CLEEllis Burks
41.4%
PITArmando Rios
41.4%
TBDGreg Vaughn
39.9%
TBDGreg Vaughn
39.9%
CHWCarlos Quentin
39.8%
CHCRoosevelt Brown
39.5%
KCREmil Brown
39.5%
OAKEmil Brown
39.5%
FLAJosh Willingham
38.5%
FLAJosh Willingham
38.5%
FLAJosh Willingham
38.5%
CHWNick Swisher
37.8%
WSNMilton Bradley
37.7%
DETBobby Higginson
36.2%
DETBobby Higginson
36.2%
DETBobby Higginson
36.2%
NYMDaniel Murphy
36.2%
TEXDavid Murphy
36.2%
NYMRickey Henderson
35.4%
ATLBrian Jordan
35.3%
LADBrian Jordan
35.3%
LADBrian Jordan
35.3%
ARIEric Byrnes
35.2%
OAKEric Byrnes
35.2%
STLRay Lankford
34.7%
STLRay Lankford
34.7%
PHIRon Gant
33.5%
SDPRon Gant
33.5%
PITRaul Mondesi
33.2%
Team Player % Correct
ATLB.J. Surhoff
33.1%
BALB.J. Surhoff
33.1%
BALB.J. Surhoff
33.1%
BALMelvin Mora
32.9%
OAKJeremy Giambi
32.8%
TEXBrad Wilkerson
32.3%
TEXBrad Wilkerson
32.3%
WSNBrad Wilkerson
32.3%
WSNBrad Wilkerson
32.3%
KCRTerrence Long
32.2%
OAKTerrence Long
32.2%
CLEJose Hernandez
32.1%
NYYShane Spencer
31.1%
LADDave Roberts
30.7%
SFGDave Roberts
30.7%
TEXCarl Everett
30.5%
SEAEndy Chavez
30.2%
SEARandy Winn
30%
SEARandy Winn
30%
LADRicky Ledee
28.7%
TEXRusty Greer
27.7%
TEXRusty Greer
27.7%
BOSTroy O'Leary
27.5%
BOSTroy O'Leary
27.5%
STLChris Duncan
26.6%
STLChris Duncan
26.6%
BALLuke Scott
26.2%
BALLuke Scott
26.2%
HOULuke Scott
26.2%
BALJay Gibbons
26%
TEXMarlon Byrd
26%
KCRDavid DeJesus
25.9%
NYMAngel Pagan
25.8%
DETCraig Monroe
24.7%
DETCraig Monroe
24.7%
NYMBenny Agbayani
24.5%
LAAJuan Rivera
23.7%
LAAJuan Rivera
23.7%
SFGFred Lewis
23.5%
COLJay Payton
23.4%
OAKJay Payton
23.4%
STLSo Taguchi
22.9%
STLSo Taguchi
22.9%
CLEMatt Lawton
22.8%
CLEMatt Lawton
22.8%
ATLMatt Diaz
22.4%
SDPMark Kotsay
21.4%
TEXKevin Mench
20.9%
CHCTodd Hollandsworth
20.7%
COLTodd Hollandsworth
20.7%
COLTodd Hollandsworth
20.7%
FLATodd Hollandsworth
20.7%
CLERussell Branyan
19.8%
MINDenard Span
19.8%
NYMRoger Cedeno
18.3%
CLEDavid Dellucci
18.2%
TEXDavid Dellucci
18.2%
KCRChuck Knoblauch
18.1%
NYYChuck Knoblauch
18.1%
CINJerry Hairston
17.7%
TORFrank Catalanotto
17.7%
TORFrank Catalanotto
17.7%
ARIScott Hairston
17.7%
WSNRyan Church
16.5%
ATLRyan Langerhans
16.2%
ATLRyan Langerhans
16.2%
COLJeffrey Hammonds
15.8%
CINMichael Tucker
15.7%
OAKBen Grieve
15.5%
KCRMark Teahen
15.4%
CLEJason Michaels
15.3%
CLEJason Michaels
15.3%
PITNyjer Morgan
14.9%
SEAMark McLemore
14.1%
SEAMark McLemore
14.1%
BALLarry Bigbie
13.8%
BALLarry Bigbie
13.8%
TEXGabe Kapler
13.4%
FLAJeremy Hermida
13%
CHCMatt Murton
12.5%
CHCMatt Murton
12.5%
HOUDaryle Ward
12.5%
WSNElijah Dukes
12.2%
SFGPedro Feliz
12%
SDPChase Headley
11.9%
CLEBen Francisco
11.1%
TORTravis Snider
10.1%
PITWil Cordero
9.4%
BALDelino DeShields
9.3%
OAKBobby Kielty
9.3%
WSNTerrmel Sledge
8.4%
WSNTerrmel Sledge
8.4%
KCRMark Quinn
7.6%
KCRAaron Guiel
6.7%
KCRRoss Gload
6.5%
TBDJason Tyner
6.4%
CHWPablo Ozuna
4.8%
HOUBill Spiers
4.7%
COLKit Pellow
3.7%
SDPPaul McAnulty
2.3%

You're not logged in!

Compare scores with friends on all Sporcle quizzes.
OR
Log In

You Might Also Like...

Show Comments

Extras

Top Quizzes Today


Score Distribution

Your Account Isn't Verified!

In order to create a playlist on Sporcle, you need to verify the email address you used during registration. Go to your Sporcle Settings to finish the process.

Report this User

Report this user for behavior that violates our Community Guidelines.

Details: